ཉི༌མ༌ཤར༌གྱི༌ཕྱོགས༌ལས། ཤར༌བའི༌སྐར༌མ༌རྣམ༌གསུམ། (Record no. 3862)
[ view plain ]
| 000 -LEADER | |
|---|---|
| fixed length control field | 00778nam a2200205 4500 |
| 001 - CONTROL NUMBER | |
| control field | 4653 |
| 005 - DATE AND TIME OF LATEST TRANSACTION | |
| control field | 20190805161952.0 |
| 008 - FIXED-LENGTH DATA ELEMENTS--GENERAL INFORMATION | |
| fixed length control field | 190805b ||||| |||| 00| 0 eng d |
| 020 00 - INTERNATIONAL STANDARD BOOK NUMBER | |
| International Standard Book Number | 9789993693116 |
| 090 00 - LOCALLY ASSIGNED LC-TYPE CALL NUMBER (OCLC); LOCAL CALL NUMBER (RLIN) | |
| Classification number (OCLC) (R) ; Classification number, CALL (RLIN) (NR) | 244.3 T197n 2013 |
| 100 ## - MAIN ENTRY--PERSONAL NAME | |
| Personal name | Tashi, Phuntsho. |
| 245 00 - TITLE STATEMENT | |
| Title | ཉི༌མ༌ཤར༌གྱི༌ཕྱོགས༌ལས། ཤར༌བའི༌སྐར༌མ༌རྣམ༌གསུམ། |
| Statement of responsibility, etc. | Phuntsho Tashi. |
| 260 00 - PUBLICATION, DISTRIBUTION, ETC. | |
| Place of publication, distribution, etc. | Thimphu : |
| Name of publisher, distributor, etc. | Tshokey Dorji Foundation, |
| Date of publication, distribution, etc. | 2013. |
| 300 00 - PHYSICAL DESCRIPTION | |
| Extent | 505. : col. ill. |
| 500 ## - GENERAL NOTE | |
| General note | Namthar Biogrpahy of Lama Karpo Tshewang, Peljor and Bartsham, Lama Pema Wangchen. |
| General note | In Dzongkha. |
| 650 00 - SUBJECT ADDED ENTRY--TOPICAL TERM | |
| Topical term or geographic name entry element | Brug-pa lamas --Bhutan --Biography. |
| Topical term or geographic name entry element | Brug-pa lamas --China --Tibet --Biography. |
| 942 ## - ADDED ENTRY ELEMENTS (KOHA) | |
| Source of classification or shelving scheme | Dewey Decimal Classification |
| Koha item type | Dzongkha |
| Withdrawn status | Lost status | Source of classification or shelving scheme | Damaged status | Not for loan | Collection code | Home library | Current library | Shelving location | Date acquired | Serial Enumeration / chronology | Inventory number | Total Checkouts | Total Renewals | Full call number | Barcode | Date last seen | Date last checked out | Price effective from | Koha item type |
|---|---|---|---|---|---|---|---|---|---|---|---|---|---|---|---|---|---|---|---|
| Dewey Decimal Classification | Dzongkha | RTC Library | RTC Library | Dzongkha | 04/10/2021 | 7350 | 1 | 1 | 954.98 TAS | 30007462 | 19/10/2021 | 04/10/2021 | 27/11/2018 | Dzongkha |